00254nam a22001217a 4500003000400000005001700004008004100021020001500062040000700077082001600084100001100100245002100111OSt20211229090907.0211229b |||||||| |||| 00| 0 eng d a0133708756 cHU a005.133/GRA aGraham aAnsi Common Lisp